| 000 | 01135cam a2200217 4500 | ||
|---|---|---|---|
| 001 | ABS67115 | ||
| 008 | 030924n2003 000 0 eng u | ||
| 035 | _a(Sirsi) u123715 | ||
| 100 | _aBrook, C. | ||
| 245 | _aRecent trends in incineration: does it have a future role in UK waste strategy | ||
| 260 | _c2003 | ||
| 490 |
_aWaste Planning _v(48) September 2003, 3-5(3) |
||
| 520 | _aExamines the contradiction between the "Waste Strategy 20002 which refers to the 'important role' of recovering energy from waste and the Environment Minister's comments that government would not support any significant expansion of incineration. The targets contained in the strategy suggest that the UK could require up to 89 additional incinerators. Government appears to have distanced itself from the debate. Also examines in this context the results of five planning appeal cases for incinerators around the country. | ||
| 590 | _aABS | ||
| 650 | _aINCINERATORS | ||
| 650 | _aRECYCLING WASTE | ||
| 650 | _aALTERNATIVE ENERGY | ||
| 650 | _aWASTE STRATEGY | ||
| 690 | _aENVIRONMENTAL AND LAND CONSULTANCY-WASTE MANAGEMENT | ||
| 942 | _n0 | ||
| 999 |
_c73453 _d73453 |
||